| 000 | 01339nam a2200313 c 4500 | ||
|---|---|---|---|
| 003 | BLK | ||
| 005 | 20180422112200.0 | ||
| 008 | 180409b bul|||||r ||||||| ||bul|| | ||
| 010 | _aKNG00145122000 | ||
| 040 | _aBLK | ||
| 041 |
_aBUL _cBUL |
||
| 080 |
_aБългарска литература _b821.163.2 _x-93-1 _z821.163.2-93-1 |
||
| 100 | 1 |
_aДонков, Славчо Александров _eпърви автор _9298651 |
|
| 700 | 1 |
_aПъдарева, Елена _eхудож. _9366096 |
|
| 139 |
_aДонков, Славчо Александров _bД 77 |
||
| 245 | 1 | 0 |
_aСъсед с далекоглед _bВесели стихове за най-малките _cСлавчо Александров Донков; худож. Елена Пъдарева. |
| 257 | _aBGR | ||
| 260 |
_аСофия _bБълг. писател _c1989 _fВраца : В. Александров |
||
| 300 |
_a96 с. _bс цв. ил. _c18 см |
||
| 380 | _aDX | ||
| 500 | _a7 811 тир. | ||
| 653 | _aдетска литература | ||
| 653 | _aлитература за деца | ||
| 852 | _aЦб 260474 | ||
| 856 | 4 |
_qpdf _u |
|
| 856 | 4 |
_qpdf _u |
|
| 942 |
_cKNG _n0 |
||
| 944 |
_aCR _c08.07.2013 _l08.07.2013 - от С1,Р / 08.07.2013 _kПолина_Златанова |
||
| 944 |
_aED _c13.09.2017 _l08.07.2013 - от С1,Р / 08.07.2013 _kСевдалина_Василева |
||
| 999 |
_c139106 _d139106 |
||